000 00523nam a2200169Ia 4500
999 _c28879
_d28879
003 OSt
005 20210108130306.0
008 190216s9999||||xx |||||||||||||| ||und||
040 _coclc
082 _a494.81282421
_bKAR/K
100 _aKarthikeyan, K G
_97060
245 0 _aKuttikalkku Kadamkathakalum Pazhamchollukalum /
_cK G Karthikeyan
260 _bLipi Publications,
_aKottayam:
_c2005.
300 _a124p
650 _aKathakal
942 _cBK
_2ddc
_h494.81282421
_iKAR/K
_k494.81282421
_mKAR/K